Entrevista al señor Carlos Vargas de la Confederación Auténtica de Trabajadores Democráticos

Uloženo v:
Podrobná bibliografie
Hlavní autor: Vargas, Carlos
Médium: Text
Vydáno: s.l.: s.e.
Tagy: Přidat tag
Žádné tagy, Buďte první, kdo vytvoří štítek k tomuto záznamu!

MARC

LEADER 00000 a a2200000 04500
001 22272
003
040
090 |a 151300  
100 |a Vargas, Carlos  
245 |a Entrevista al señor Carlos Vargas de la Confederación Auténtica de Trabajadores Democráticos  
260 |a s.l.:   |b s.e.  
300 |a 6 p.  
999 |c 15505  |d 15505